[Event "Aut_chT"]
[Site "Fürstenfeld"]
[Date "2003.03.16"]
[Round "11.1"]
[White "Druckenthaner, Andreas"]
[Black "Schmittdiel, Eckhard"]
[Result "0-1"]
[WhiteElo "2318"]
[BlackElo "2491"]
[PlyCount "106"]

1. d4 Nf6 2. c4 e6 3. Nf3 b6 4. e3 Bb7 5. Nc3 Bb4 6. Bd2 O-O 7. a3 Bxc3 8. Bxc3
Ne4 9. Qc2 f5 10. O-O-O Nxc3 11. Qxc3 Qf6 12. Be2 d6 13. Ne1 c5 14. dxc5 Qxc3+
15. bxc3 dxc5 16. Bf3 Be4 17. Rd6 Kf7 18. Nc2 Rc8 19. Rhd1 Nc6 20. Ne1 Ne5 21.
Be2 Ke7 22. f3 Bd5 23. R6xd5 exd5 24. Rxd5 Kf6 25. f4 Nf7 26. g4 fxg4 27. Bxg4
Re8 28. Rf5+ Ke7 29. Bf3 Rac8 30. Bd5 Nd6 31. Rh5 Kf6 32. Nf3 Rxe3 33. Ne5 Re1+
34. Kd2 Rg1 35. Rxh7 Rd8 36. Ke2 Nf5 37. Kf2 Rc1 38. Rh5 Rc2+ 39. Kg1 Ne3 40.
Rg5 Nxd5 41. Ng4+ Kf7 42. cxd5 Rxc3 43. Ne5+ Kg8 44. Nc6 Rd7 45. a4 Ra3 46. a5
c4 47. axb6 c3 48. Kf2 c2 49. Rg1 axb6 50. Rc1 Rc3 51. Ke2 Kh7 52. Nb4 Rc4 53.
Nxc2 b5 0-1

[Event "Aut_chT"]
[Site "Fürstenfeld"]
[Date "2003.03.16"]
[Round "11.1"]
[White "Bromberger, Stefan"]
[Black "Sprotte, Norbert"]
[Result "1/2-1/2"]
[WhiteElo "2417"]
[BlackElo "2260"]
[PlyCount "59"]

1. e4 e6 2. d4 d5 3. Nc3 Bb4 4. e5 c5 5. a3 Bxc3+ 6. bxc3 Ne7 7. Nf3 Qc7 8. h4
b6 9. Bb5+ Bd7 10. Bd3 Nbc6 11. O-O Na5 12. Qd2 h6 13. Qf4 cxd4 14. cxd4 Ba4
15. Qg3 g6 16. Bd2 Nc4 17. Bb4 Nf5 18. Qf4 a5 19. g4 axb4 20. gxf5 gxf5 21.
axb4 Ke7 22. Kh2 Nb2 23. h5 Rag8 24. Qc1 Nxd3 25. cxd3 Qxc1 26. Rfxc1 Bd7 27.
Rc7 Ra8 28. Rac1 Rhc8 29. Rxc8 Rxc8 30. Rxc8 1/2-1/2

[Event "Aut_chT"]
[Site "Fürstenfeld"]
[Date "2003.03.16"]
[Round "11.1"]
[White "Beck, Hartmuth"]
[Black "Duer, Arne"]
[Result "1/2-1/2"]
[WhiteElo "2257"]
[BlackElo "2365"]
[PlyCount "66"]

1. d4 e6 2. c4 Nf6 3. Nc3 Bb4 4. Qc2 b6 5. f3 Nc6 6. e3 O-O 7. a3 Be7 8. Bd3 d5
9. cxd5 exd5 10. Nge2 Bb7 11. O-O g6 12. Bd2 Qd7 13. Rac1 a6 14. Kh1 Rac8 15.
Nf4 Nd8 16. Qb3 b5 17. Nce2 c5 18. dxc5 Bxc5 19. Rxc5 Rxc5 20. Bb4 Rc8 21. Bxf8
Kxf8 22. Qb4+ Kg7 23. Qd2 Nc6 24. Bb1 Ne5 25. Rd1 Nc4 26. Qd4 Qe7 27. Ng3 Kg8
28. Nf1 Kg7 29. Kg1 Qc5 30. Qxc5 Rxc5 31. Nd3 Rc7 32. Kf2 Nb6 33. Rc1 Rxc1
1/2-1/2

[Event "Aut_chT"]
[Site "Fürstenfeld"]
[Date "2003.03.16"]
[Round "11.1"]
[White "Ferrari, Josef"]
[Black "Opl, Klaus"]
[Result "0-1"]
[WhiteElo "2220"]
[BlackElo "2283"]
[PlyCount "84"]

1. d4 Nf6 2. c4 d6 3. Nc3 Nbd7 4. Nf3 e5 5. g3 g6 6. Bg2 Bg7 7. O-O O-O 8. Re1
exd4 9. Nxd4 Re8 10. h3 a6 11. Rb1 Rb8 12. Nd5 c5 13. Nf3 Nxd5 14. cxd5 b5 15.
Bf4 Nf6 16. Nd2 Nh5 17. e4 Nxf4 18. gxf4 Qh4 19. Qf3 Bh6 20. Qc3 Bxf4 21. Nf3
Qh6 22. Qf6 Rb7 23. e5 dxe5 24. Nxe5 Bg5 25. Nxf7 Rxe1+ 26. Rxe1 Bxf6 27. Nxh6+
Kg7 28. Ng4 Bxg4 29. hxg4 Re7 30. Rxe7+ Bxe7 31. b3 Kf6 32. Be4 h5 33. gxh5
gxh5 34. Bd3 Ke5 35. a4 bxa4 36. bxa4 a5 37. Be2 h4 38. Bf3 Kd4 39. Kf1 Kc3 40.
Ke1 c4 41. Bg4 Kb2 42. f4 c3 0-1

[Event "Aut_chT"]
[Site "Fürstenfeld"]
[Date "2003.03.16"]
[Round "11.1"]
[White "Mroz, Thomas"]
[Black "Gerhold, Michael"]
[Result "1/2-1/2"]
[WhiteElo "2089"]
[BlackElo "2205"]
[PlyCount "52"]

1. d4 d5 2. c4 dxc4 3. Nf3 Nf6 4. e3 a6 5. Bxc4 b5 6. Be2 Bb7 7. O-O e6 8. a3
Nbd7 9. b4 Be7 10. Nbd2 O-O 11. Nb3 Bd5 12. Bb2 Bxb3 13. Qxb3 c6 14. Rfc1 Qb6
15. a4 bxa4 16. Qxa4 Rfc8 17. Bxa6 Nb8 18. Bxc8 Rxa4 19. Rxa4 Qb5 20. Ra7 Bd6
21. Ne5 Qe2 22. Nc4 Ng4 23. Nxd6 Qxf2+ 24. Kh1 Qh4 25. h3 Nf2+ 26. Kg1 Nxh3+
1/2-1/2

[Event "Aut_chT"]
[Site "Fürstenfeld"]
[Date "2003.03.16"]
[Round "11.2"]
[White "Atlas, Valeri"]
[Black "Varga, Peter"]
[Result "1/2-1/2"]
[WhiteElo "2477"]
[BlackElo "2486"]
[PlyCount "97"]

1. e4 c5 2. Nf3 Nc6 3. Nc3 e6 4. d4 cxd4 5. Nxd4 Qc7 6. g3 Nf6 7. Bg2 a6 8. O-O
Be7 9. a4 d6 10. Be3 O-O 11. Nxc6 bxc6 12. a5 Nd7 13. Na4 c5 14. c4 Rb8 15. Qc2
Bb7 16. f4 Bc6 17. Nc3 Rb4 18. b3 Rfb8 19. Ra3 Re8 20. Rd1 Ba8 21. Na2 Rb7 22.
Bd2 Nb8 23. Bc3 Nc6 24. Nc1 Bf8 25. Ne2 e5 26. f5 Nd4 27. Bxd4 exd4 28. Nf4
Rbb8 29. Qd3 Re5 30. h4 Qe7 31. Nd5 Qd8 32. Qd2 Bc6 33. Rf1 Rb7 34. Kh2 Qb8 35.
Qc2 Be7 36. Kh3 Bd8 37. Rfa1 Re8 38. Bf1 Bf6 39. Bd3 Be5 40. Rf1 Qd8 41. Qd2 h6
42. Rg1 Qd7 43. g4 Reb8 44. Qd1 g5 45. hxg5 hxg5 46. Kg2 f6 47. Rh1 Kg7 48. Nb6
Qf7 49. Qf3 1/2-1/2

[Event "Aut_chT"]
[Site "Fürstenfeld"]
[Date "2003.03.16"]
[Round "11.2"]
[White "Vogt, Lothar"]
[Black "Gustafsson, Jan"]
[Result "1/2-1/2"]
[WhiteElo "2479"]
[BlackElo "2566"]
[PlyCount "34"]

1. e4 c5 2. Nf3 e6 3. d4 cxd4 4. Nxd4 a6 5. Bd3 Nf6 6. O-O Qc7 7. Qe2 d6 8. c4
g6 9. Nc3 Bg7 10. Be3 O-O 11. Rac1 b6 12. Rfd1 Bb7 13. f3 Nbd7 14. Qf2 Rac8 15.
Bf1 Ba8 16. b4 Qb8 17. Nb3 Ne5 1/2-1/2

[Event "Aut_chT"]
[Site "Fürstenfeld"]
[Date "2003.03.16"]
[Round "11.2"]
[White "Naumann, Alexander"]
[Black "Lehner, Oliver"]
[Result "1/2-1/2"]
[WhiteElo "2524"]
[BlackElo "2406"]
[PlyCount "59"]

1. Nf3 d5 2. d4 Nf6 3. c4 c6 4. Nc3 dxc4 5. a4 Bf5 6. Nh4 Bc8 7. e3 e5 8. Bxc4
exd4 9. exd4 Be7 10. O-O Nd5 11. Nf3 O-O 12. Re1 Na6 13. Bxa6 bxa6 14. Nxd5
cxd5 15. Ne5 Bf6 16. b4 Qb6 17. Ba3 Be6 18. b5 Bxe5 19. Rxe5 Rfc8 20. Bc5 Qb8
21. Qe2 axb5 22. axb5 Bd7 23. Qh5 Re8 24. Rxd5 Qxb5 25. h3 h6 26. Rd6 Re6 27.
Rxe6 Bxe6 28. Qf3 Rc8 29. Bxa7 Bd5 30. Qf5 1/2-1/2

[Event "Aut_chT"]
[Site "Fürstenfeld"]
[Date "2003.03.16"]
[Round "11.2"]
[White "Ganaus, Hannes"]
[Black "Amann, Guenter"]
[Result "0-1"]
[WhiteElo "2360"]
[BlackElo "2296"]
[PlyCount "140"]

1. d4 Nf6 2. Nf3 g6 3. e3 Bg7 4. b3 O-O 5. Bb2 c5 6. Be2 cxd4 7. exd4 d5 8. O-O
Nc6 9. Re1 Bg4 10. Nbd2 Bxf3 11. Nxf3 Qb6 12. c3 Rfd8 13. Bf1 e6 14. Qe2 Ne4
15. Red1 Qa5 16. Qe3 Ne7 17. Qe1 Nd6 18. g4 Rac8 19. Rd3 b5 20. a4 bxa4 21.
Rxa4 Qb6 22. Qa1 Nc6 23. c4 dxc4 24. bxc4 Rb8 25. Bc1 Ne4 26. Be3 Qc7 27. Qc1
Qd7 28. Qd1 Nb4 29. Rda3 e5 30. Nxe5 Bxe5 31. Qf3 Bxd4 32. Qxe4 Bxe3 33. fxe3
Nc6 34. Ra6 Rbc8 35. Rd3 Re8 36. Qxg6+ hxg6 37. Rxd7 Nb8 38. Raxa7 Nxd7 39.
Rxd7 Rxe3 40. Kf2 Ra3 41. Rd2 Rca8 42. h4 Ra2 43. Rxa2 Rxa2+ 44. Be2 Ra3 45.
Bf3 Rc3 46. Bd5 Rh3 47. c5 Kf8 48. c6 Ke7 49. h5 gxh5 50. gxh5 Rxh5 51. Bf3 Re5
52. Kg3 f5 53. Kf4 Kf6 54. Bg2 Rc5 55. Ke3 Ke5 56. Kd3 Ra5 57. Kc3 Kd6 58. Kd4
Re5 59. Bf3 Re1 60. Bg2 Rd1+ 61. Ke3 Ke5 62. Bf3 f4+ 63. Ke2 Ra1 64. Kd2 Kd6
65. Kd3 Re1 66. Kd2 Re3 67. Bg2 Rg3 68. Be4 Rg7 69. Kc3 f3 70. Kd2 f2 0-1

[Event "Aut_chT"]
[Site "Fürstenfeld"]
[Date "2003.03.16"]
[Round "11.2"]
[White "Novkovic, Milan"]
[Black "Bokros, Albert"]
[Result "1/2-1/2"]
[WhiteElo "2396"]
[BlackElo "2420"]
[PlyCount "60"]

1. d4 e6 2. Nf3 c5 3. c4 cxd4 4. Nxd4 Nf6 5. Nc3 a6 6. e4 d6 7. Be2 Be7 8. Be3
O-O 9. Qd2 b6 10. f3 Bb7 11. O-O-O Nc6 12. Kb1 Nd7 13. g4 Nxd4 14. Bxd4 Bc6 15.
h4 Qb8 16. g5 b5 17. Rdg1 Ne5 18. h5 Nxc4 19. Bxc4 bxc4 20. g6 e5 21. h6 fxg6
22. hxg7 Rf4 23. Be3 Rh4 24. Bh6 Rxh1 25. Rxh1 Qb7 26. Qe2 Rb8 27. Rh2 Qb4 28.
Qd2 Qb7 29. Qe2 Qb4 30. Qd2 Qb7 1/2-1/2

[Event "Aut_chT"]
[Site "Fürstenfeld"]
[Date "2003.03.16"]
[Round "11.2"]
[White "Weissenbeck, Manuel"]
[Black "Gaertner, Guntram"]
[Result "1/2-1/2"]
[WhiteElo "2226"]
[BlackElo "2357"]
[PlyCount "100"]

1. d4 Nf6 2. Nf3 e6 3. e3 b6 4. Bd3 Bb7 5. Nbd2 d5 6. O-O Nbd7 7. b3 Be7 8. Bb2
O-O 9. Qe2 Ne4 10. Rac1 f5 11. c4 c6 12. Rfd1 Bd6 13. Ne5 Nxd2 14. Rxd2 Bb4 15.
Rdd1 Nxe5 16. dxe5 Qe7 17. cxd5 cxd5 18. Rc2 Rfc8 19. Rdc1 Rxc2 20. Rxc2 Rc8
21. Rxc8+ Bxc8 22. Qc2 Qc5 23. a3 Qxc2 24. Bxc2 Be7 25. Bd3 Bd7 26. Kf1 g5 27.
f3 Bc6 28. b4 h5 29. Bd4 Kf7 30. Ke2 Ke8 31. Kd2 Kd7 32. b5 Bb7 33. a4 Bb4+ 34.
Kc2 Kc7 35. h3 h4 36. Be2 Bc8 37. f4 Be7 38. Kb3 Bd7 39. Bh5 Kb7 40. Be2 Be8
41. Kc3 Kb8 42. Kb3 Kc7 43. Kc3 gxf4 44. exf4 Bc5 45. Bd1 Kb7 46. Be2 Kb8 47.
Bf3 a6 48. Be2 Ka7 49. Bf1 axb5 50. Bxb5 Bxb5 1/2-1/2

[Event "Aut_chT"]
[Site "Fürstenfeld"]
[Date "2003.03.16"]
[Round "11.3"]
[White "Loeffler, Stefan"]
[Black "Beim, Valeri"]
[Result "0-1"]
[WhiteElo "2398"]
[BlackElo "2553"]
[PlyCount "78"]

1. d4 d6 2. e4 Nf6 3. f3 c5 4. d5 e5 5. Bb5+ Nbd7 6. a4 Be7 7. Be3 O-O 8. Ne2
Ne8 9. Qd2 g6 10. Nbc3 Ng7 11. O-O-O a6 12. Bd3 Qa5 13. b3 b5 14. Nb1 Qc7 15.
axb5 axb5 16. Bxb5 f5 17. Kb2 fxe4 18. fxe4 Nf6 19. Nbc3 Rb8 20. Bc4 Bd7 21.
Rhf1 Rb4 22. Qd3 Rfb8 23. Ra1 Ng4 24. Bg1 Bg5 25. Rf3 Nh5 26. h3 Nh6 27. Be3
Bxe3 28. Qxe3 Nf7 29. Kc1 Qd8 30. Ra7 R4b7 31. Rxb7 Rxb7 32. Nd1 Ra7 33. Kd2
Be8 34. Rf1 Ra1 35. g4 Nf6 36. Ng3 Nd7 37. Bb5 Ra7 38. Bc6 Qh4 39. Ne2 Ra1 0-1

[Event "Aut_chT"]
[Site "Fürstenfeld"]
[Date "2003.03.16"]
[Round "11.3"]
[White "Lau, Ralf"]
[Black "Penz, Harald"]
[Result "1-0"]
[WhiteElo "2506"]
[BlackElo "2324"]
[PlyCount "101"]

1. g3 Nf6 2. Bg2 d5 3. c4 dxc4 4. Na3 Nbd7 5. Nxc4 g6 6. b3 Bg7 7. Bb2 O-O 8.
Nf3 c6 9. O-O Nb6 10. d3 Be6 11. Qc2 Qc8 12. Rfe1 Rd8 13. a3 Bh3 14. Bh1 Bd7
15. Na5 Be8 16. Rac1 Nfd7 17. Bxg7 Kxg7 18. d4 Nf6 19. e4 Rb8 20. b4 Qd7 21.
Bg2 Rdc8 22. h3 e6 23. Qb2 Qe7 24. Ne5 Kg8 25. Rcd1 Rd8 26. Nd3 Na4 27. Qc2 Nb6
28. Nc5 Na8 29. Ncb3 Nb6 30. Qc5 Nc8 31. Qe5 Nd6 32. d5 Rbc8 33. dxc6 Bxc6 34.
Nxc6 Rxc6 35. Na5 Rcc8 36. Qg5 b6 37. e5 h6 38. exf6 Qf8 39. Qe5 bxa5 40. Qxa5
Rd7 41. Qa6 Rb8 42. Rd4 Rdd8 43. Red1 Nf5 44. Rd7 Rxd7 45. Rxd7 Rb6 46. Qxa7
Rd6 47. Qc7 g5 48. Be4 Rxd7 49. Qxd7 Nd6 50. Bb1 Ne8 51. Qd8 1-0

[Event "Aut_chT"]
[Site "Fürstenfeld"]
[Date "2003.03.16"]
[Round "11.3"]
[White "Roth, Peter"]
[Black "Mahdy, Khaled"]
[Result "1/2-1/2"]
[WhiteElo "2323"]
[BlackElo "2374"]
[PlyCount "57"]

1. e4 c6 2. d4 d5 3. e5 Bf5 4. Be3 e6 5. c3 Nd7 6. Qb3 Qb6 7. Nd2 Ne7 8. Be2
Bg6 9. h4 h5 10. Nh3 f6 11. Nf4 Qxb3 12. axb3 Bf7 13. exf6 gxf6 14. b4 Nf5 15.
g4 Nxe3 16. fxe3 Bh6 17. gxh5 Bxf4 18. exf4 Bxh5 19. Nf1 Bxe2 20. Kxe2 Kf7 21.
Ne3 f5 22. Rag1 Nf6 23. Nf1 Rag8 24. Rxg8 Rxg8 25. Kf3 Nh5 26. Ne3 Rg3+ 27. Kf2
Rg8 28. Kf3 Rg3+ 29. Kf2 1/2-1/2

[Event "Aut_chT"]
[Site "Fürstenfeld"]
[Date "2003.03.16"]
[Round "11.3"]
[White "Kleiser, Gregor"]
[Black "Janetschek, Karl"]
[Result "1-0"]
[WhiteElo "2201"]
[BlackElo "2268"]
[PlyCount "51"]

1. d4 e6 2. e4 c5 3. Nf3 cxd4 4. Nxd4 Nf6 5. Nc3 d6 6. Be2 Be7 7. O-O O-O 8.
Kh1 Nc6 9. f4 Qc7 10. Be3 Bd7 11. Qe1 a6 12. a4 Rfe8 13. Rd1 Nxd4 14. Rxd4 Bc6
15. Qg3 Rac8 16. e5 Nd7 17. f5 Nxe5 18. f6 Bf8 19. Bd3 Nxd3 20. Rg4 g6 21. cxd3
e5 22. Qh4 Re6 23. Rg3 Qd8 24. Rh3 h5 25. Kg1 Kh7 26. Rf5 1-0

[Event "Aut_chT"]
[Site "Fürstenfeld"]
[Date "2003.03.16"]
[Round "11.3"]
[White "Mueller, Roland"]
[Black "Schwaninger, Wolfgang"]
[Result "1-0"]
[WhiteElo "2188"]
[BlackElo "2188"]
[PlyCount "117"]

1. e4 g6 2. d4 Bg7 3. Be3 c5 4. Nc3 Qa5 5. Bc4 Qb4 6. Qd3 b5 7. Bd5 c4 8. Qd2
Nc6 9. e5 e6 10. Be4 Nge7 11. a3 Qa5 12. Nge2 f5 13. exf6 Bxf6 14. O-O d5 15.
Bf3 O-O 16. Bh6 Rf7 17. Bg4 Qb6 18. Rad1 a5 19. a4 bxa4 20. Nxa4 Qb4 21. Qxb4
axb4 22. Nb6 e5 23. Bxc8 Rb8 24. Be6 Rxb6 25. Bxf7+ Kxf7 26. dxe5 Bxe5 27. Be3
Ra6 28. Nd4 Bxd4 29. Bxd4 Nxd4 30. Rxd4 Ra2 31. Rb1 Ke6 32. Kf1 Nf5 33. Rdd1
Ke5 34. c3 Nd6 35. f4+ Ke6 36. cxb4 Ra4 37. Rd4 Nf5 38. Re1+ Kd6 39. Rd2 Rxb4
40. g4 Ne7 41. Kg2 Nc6 42. Kg3 Rb3+ 43. Kh4 Nb4 44. Kg5 Rf3 45. f5 gxf5 46.
gxf5 Nd3 47. Re6+ Kd7 48. Rh6 Rf1 49. Rxh7+ Kd6 50. Rh6+ Kc5 51. Re6 d4 52. f6
Rg1+ 53. Kh6 Rf1 54. Kg7 Nf4 55. Re5+ Kd6 56. Ra5 d3 57. Ra6+ Ke5 58. f7 Nh5+
59. Kh6 1-0

[Event "Aut_chT"]
[Site "Fürstenfeld"]
[Date "2003.03.16"]
[Round "11.4"]
[White "Mueller, Karsten"]
[Black "Boensch, Uwe"]
[Result "1/2-1/2"]
[WhiteElo "2507"]
[BlackElo "2537"]
[PlyCount "161"]

1. e4 c5 2. Nf3 Nc6 3. Nc3 e5 4. Bc4 d6 5. d3 Be7 6. Nd2 Nf6 7. Nf1 O-O 8. Ne3
Be6 9. O-O Nd7 10. Ned5 Nb6 11. Nxb6 axb6 12. Nd5 Bxd5 13. Bxd5 Bg5 14. Be3 Kh8
15. Qh5 f6 16. f4 exf4 17. Bxf4 Qe7 18. Bxg5 fxg5 19. Rf7 Rxf7 20. Qxf7 Qxf7
21. Bxf7 Rf8 22. Bh5 g6 23. Bd1 Ne5 24. Be2 g4 25. Rd1 Rc8 26. c3 Kg7 27. d4
cxd4 28. Rxd4 Rc6 29. a4 Nf7 30. Bxg4 Kf6 31. Kf2 Ne5 32. Be2 Ke7 33. Rb4 Kd8
34. Ke3 Kc7 35. Kf4 h6 36. h4 Kb8 37. Rd4 Kc7 38. Bb5 Rc5 39. Rd5 Rxd5 40. exd5
Kd8 41. b4 Ke7 42. Ke4 Ng4 43. Kd4 Nf6 44. Bd3 g5 45. hxg5 hxg5 46. Bf5 Kd8 47.
Be6 Kc7 48. c4 Kd8 49. c5 Kc7 50. cxd6+ Kxd6 51. g4 b5 52. a5 Ne8 53. Bc8 Kc7
54. Bf5 Kd6 55. Be4 Nc7 56. Bf3 Na6 57. Kc3 Nc7 58. Kd4 Na6 59. Be2 Nxb4 60.
Bxb5 Nxd5 61. Be2 Nf6 62. Bf3 Kc7 63. Kc5 Kb8 64. Kc4 Ka7 65. Kb5 Nd7 66. Be2
Ne5 67. Kc5 Nd7+ 68. Kb5 Ne5 69. Bd1 Nd7 70. Bc2 Ne5 71. Bf5 Nf3 72. Bd7 Ne5
73. Bc8 Nf3 74. Bd7 Ne5 75. Bf5 Nf3 76. Bd3 Ne5 77. Be2 Nd7 78. Kc4 Ne5+ 79.
Kc5 Nd7+ 80. Kd6 Nf6 81. Ke5 1/2-1/2

[Event "Aut_chT"]
[Site "Fürstenfeld"]
[Date "2003.03.16"]
[Round "11.4"]
[White "Schlosser, Philipp"]
[Black "Polzin, Rainer"]
[Result "1/2-1/2"]
[WhiteElo "2534"]
[BlackElo "2467"]
[PlyCount "114"]

1. Nf3 Nf6 2. c4 g6 3. Nc3 Bg7 4. e4 d6 5. d4 O-O 6. Be2 e5 7. O-O Nc6 8. d5
Ne7 9. b4 Nh5 10. Re1 f5 11. Ng5 Nf6 12. f3 c6 13. Rb1 h6 14. Ne6 Bxe6 15. dxe6
Ne8 16. b5 c5 17. Nd5 Nc7 18. Nxc7 Qxc7 19. Be3 f4 20. Bf2 Rf6 21. Qa4 Rxe6 22.
Red1 Bf6 23. Rd3 Nc8 24. Qd1 Nb6 25. Ra3 Bd8 26. Be1 Qe7 27. Ba5 Nc8 28. Be1
Nb6 29. Ba5 Nc8 30. Be1 Kg7 31. Bf1 Rf6 32. g3 Nb6 33. Rb2 Bc7 34. Rf2 Qf7 35.
Qd3 Nd7 36. Qd5 Qxd5 37. cxd5 Bb6 38. Rc2 h5 39. Bh3 Nf8 40. Kg2 g5 41. g4 h4
42. Kg1 c4+ 43. Bf2 Bxf2+ 44. Kxf2 Nd7 45. Rxc4 Nc5 46. Bf1 Rff8 47. Ke1 Kf6
48. Kd2 Rfc8 49. Rac3 Ke7 50. a4 Kd8 51. a5 Nd7 52. Rxc8+ Rxc8 53. Rxc8+ Kxc8
54. h3 Nc5 55. Kc3 Kc7 56. Be2 b6 57. a6 Kd8 1/2-1/2

[Event "Aut_chT"]
[Site "Fürstenfeld"]
[Date "2003.03.16"]
[Round "11.4"]
[White "Schwarz, Michael"]
[Black "Stangl, Markus"]
[Result "0-1"]
[WhiteElo "2410"]
[BlackElo "2494"]
[PlyCount "88"]

1. d4 Nf6 2. Nf3 g6 3. g3 Bg7 4. Bg2 O-O 5. O-O d5 6. c3 b6 7. Bf4 Bb7 8. Re1
Nbd7 9. Ne5 Nh5 10. Nxd7 Qxd7 11. Be3 e5 12. dxe5 Bxe5 13. Nd2 c5 14. Nf3 Bg7
15. Qd2 Rfe8 16. Bg5 Bc6 17. Rad1 Qb7 18. Nh4 d4 19. Bxc6 Qxc6 20. cxd4 Bxd4
21. Nf3 Bh8 22. b3 Nf6 23. Qc2 Ne4 24. Rd3 b5 25. Be3 Rac8 26. Rc1 c4 27. bxc4
bxc4 28. Ra3 a6 29. Ra4 Nc3 30. Rb4 a5 31. Rb6 Nxe2+ 32. Kg2 Qc7 33. Rcb1 Nc3
34. Rb7 Qd8 35. Re1 Qd5 36. Ra7 a4 37. h4 h5 38. Ra6 Bg7 39. Bd2 Ne2 40. Be3
Nc3 41. Bd2 Rxe1 42. Bxe1 Nb5 43. Qxa4 Nd4 44. Qd1 c3 0-1

[Event "Aut_chT"]
[Site "Fürstenfeld"]
[Date "2003.03.16"]
[Round "11.4"]
[White "Weinzettl, Ernst"]
[Black "Schlosser, Michael"]
[Result "1-0"]
[WhiteElo "2356"]
[BlackElo "2344"]
[PlyCount "50"]

1. e4 g6 2. d4 Bg7 3. Nc3 d6 4. Nf3 Nf6 5. Be2 O-O 6. O-O Nc6 7. d5 Nb8 8. h3
c6 9. Re1 b5 10. dxc6 b4 11. Nd5 Nxc6 12. a3 bxa3 13. Rxa3 Bb7 14. Bf1 Nd7 15.
Bg5 h6 16. Bh4 a5 17. Bb5 g5 18. Nxg5 hxg5 19. Bxg5 Nde5 20. Rg3 f6 21. Bh6 Rf7
22. Nf4 Bc8 23. Bxc6 Nxc6 24. Qd5 e6 25. Qxc6 Ra6 1-0

[Event "Aut_chT"]
[Site "Fürstenfeld"]
[Date "2003.03.16"]
[Round "11.4"]
[White "Kotz, Heinz Peter"]
[Black "Fuchs, Georg"]
[Result "1/2-1/2"]
[WhiteElo "2325"]
[BlackElo "2244"]
[PlyCount "84"]

1. e4 e5 2. Nf3 Nf6 3. Nxe5 d6 4. Nf3 Nxe4 5. d4 d5 6. Bd3 Bd6 7. O-O O-O 8. c4
c6 9. Nc3 Nxc3 10. bxc3 dxc4 11. Bxc4 Bg4 12. Rb1 Nd7 13. Re1 Qa5 14. Bd2 b5
15. Bb3 Qc7 16. h3 Bh5 17. c4 bxc4 18. Bxc4 a5 19. Bd3 Nf6 20. Rc1 Qd7 21. Bg5
Nd5 22. Ne5 Bxe5 23. Bxh7+ Kxh7 24. Qxh5+ Kg8 25. dxe5 Rab8 26. Bd2 Rb2 27. Rc4
Nf6 28. exf6 Qxd2 29. Rf1 Qh6 30. Qxa5 Qxf6 31. Qa6 Qe6 32. a4 Rc8 33. a5 Ra2
34. Rc5 g6 35. Qb6 Qe2 36. Qb7 Rd8 37. Rcc1 Rxa5 38. Qxc6 Rf5 39. Rce1 Qd2 40.
Re8+ Rxe8 41. Qxe8+ Kg7 42. Qe3 Qd5 1/2-1/2

[Event "Aut_chT"]
[Site "Fürstenfeld"]
[Date "2003.03.16"]
[Round "11.4"]
[White "Hoellrigl, Wilfried"]
[Black "Perhinig, Robert"]
[Result "0-1"]
[WhiteElo "2198"]
[BlackElo "2229"]
[PlyCount "80"]

1. e4 e6 2. d4 d5 3. e5 c5 4. c3 Nc6 5. Nf3 Bd7 6. Be2 Nge7 7. Na3 cxd4 8. cxd4
Nf5 9. Nc2 Rc8 10. O-O Be7 11. g4 Nh4 12. Nxh4 Bxh4 13. f4 Be7 14. Bd3 Qb6 15.
Be3 g6 16. Rb1 h5 17. h3 hxg4 18. hxg4 Nb4 19. Nxb4 Qxb4 20. Qe2 a6 21. Rbc1
Rxc1 22. Rxc1 Bd8 23. Rc5 Be7 24. Rc3 Qb6 25. Kg2 Bc6 26. Bf2 Kd7 27. Rb3 Qd8
28. Bc2 Rh7 29. Rh3 Rxh3 30. Kxh3 Bb5 31. Bd3 Bxd3 32. Qxd3 Qc7 33. f5 gxf5 34.
gxf5 Qc1 35. f6 Qxb2 36. Be3 Qa3 37. Qe2 Bf8 38. Kh4 Qc3 39. Qh5 Qe1+ 40. Kg4
Qe2+ 0-1

[Event "Aut_chT"]
[Site "Fürstenfeld"]
[Date "2003.03.16"]
[Round "11.5"]
[White "Pinter, Jozsef"]
[Black "Bischoff, Klaus"]
[Result "1/2-1/2"]
[WhiteElo "2562"]
[BlackElo "2564"]
[PlyCount "91"]

1. d4 Nf6 2. c4 e6 3. Nf3 Bb4+ 4. Bd2 Bxd2+ 5. Qxd2 O-O 6. g3 d5 7. Bg2 Nbd7 8.
O-O c6 9. Rc1 Qe7 10. Qf4 Rd8 11. Nbd2 Nf8 12. e4 Bd7 13. e5 Ne8 14. c5 a5 15.
Qe3 Rdb8 16. Ne1 Nc7 17. Nd3 Be8 18. Bf1 Nd7 19. b3 b6 20. cxb6 Rxb6 21. Nb2
Nb8 22. Nf3 Rb7 23. Ne1 Nca6 24. Ned3 Qd8 25. Na4 Rc7 26. Qd2 Rc8 27. Rc2 Nd7
28. Rac1 Nf8 29. Rc3 Qc7 30. Nf4 Nb8 31. Bd3 Qa7 32. Qe3 Nbd7 33. Bc2 Nb6 34.
Nc5 Qe7 35. h4 Nbd7 36. Na4 Qd8 37. Bd3 Nb6 38. Nc5 Ra7 39. Be2 Nbd7 40. Ncd3
Nb6 41. a4 Rb8 42. Bd1 Nc8 43. Bc2 Ne7 44. Ne1 Rab7 45. Nf3 Rb4 46. g4 1/2-1/2

[Event "Aut_chT"]
[Site "Fürstenfeld"]
[Date "2003.03.16"]
[Round "11.5"]
[White "Horvath, Csaba"]
[Black "Baumegger, Siegfried"]
[Result "1/2-1/2"]
[WhiteElo "2506"]
[BlackElo "2350"]
[PlyCount "71"]

1. d4 d5 2. c4 c6 3. Nc3 Nf6 4. e3 g6 5. Nf3 Bg7 6. Be2 O-O 7. O-O Ne4 8. a4
Na6 9. a5 Nc7 10. Qb3 Rb8 11. cxd5 cxd5 12. Nxe4 dxe4 13. Nd2 Bf5 14. Nc4 Nd5
15. Bd2 Be6 16. Rfd1 b5 17. axb6 Nxb6 18. Qc2 Nxc4 19. Bxc4 Bxc4 20. Qxc4 Qd7
21. Bc3 Rfc8 22. Qa4 Rc7 23. Qxd7 Rxd7 24. Kf1 e6 25. Ra4 Rbb7 26. Ke2 f5 27.
Rda1 Bf6 28. Ra6 Kf7 29. d5 Rxd5 30. Rxa7 Rdb5 31. Rxb7+ Rxb7 32. Bxf6 Kxf6 33.
Rb1 Ke5 34. Kd2 Rd7+ 35. Ke2 Rb7 36. Kd2 1/2-1/2

[Event "Aut_chT"]
[Site "Fürstenfeld"]
[Date "2003.03.16"]
[Round "11.5"]
[White "Kuba, Guenter"]
[Black "Hoelzl, Franz"]
[Result "1/2-1/2"]
[WhiteElo "2307"]
[BlackElo "2349"]
[PlyCount "55"]

1. e4 c5 2. Nf3 e6 3. c3 d5 4. exd5 Qxd5 5. d4 Nf6 6. Be2 Be7 7. O-O O-O 8. Be3
Nbd7 9. c4 Qd6 10. dxc5 Qc7 11. Nc3 Bxc5 12. Nb5 Qb6 13. Bxc5 Qxc5 14. Rb1 Rd8
15. b4 Qe7 16. Qd6 Qxd6 17. Nxd6 a5 18. a3 axb4 19. axb4 Ra2 20. Bd1 Ne5 21. c5
Nfd7 22. Nxe5 Nxe5 23. Bb3 Ra3 24. Rfd1 Kf8 25. b5 Ke7 26. f4 Nd7 27. Nc4 Ra7
28. Rbc1 1/2-1/2

[Event "Aut_chT"]
[Site "Fürstenfeld"]
[Date "2003.03.16"]
[Round "11.5"]
[White "Postl, Anton"]
[Black "Titz, Heimo"]
[Result "0-1"]
[WhiteElo "2322"]
[BlackElo "2326"]
[PlyCount "75"]

1. Nf3 Nf6 2. g3 b6 3. Bg2 Bb7 4. O-O c5 5. d3 e6 6. e4 d6 7. Nbd2 Be7 8. h3
O-O 9. Nc4 Nc6 10. a4 d5 11. exd5 Nxd5 12. c3 Bf6 13. Nfd2 Qd7 14. Qb3 Rab8 15.
Rd1 Rfd8 16. Ne4 Be7 17. a5 Ba8 18. axb6 axb6 19. Qc2 h6 20. Qe2 Bb7 21. f4 Qc7
22. Qh5 f5 23. Nf2 b5 24. Ne3 Nf6 25. Qe2 Bd6 26. Re1 Re8 27. Qc2 Nh5 28. Nh1
g5 29. Qe2 Nf6 30. Qf2 gxf4 31. gxf4 Kf7 32. Nf1 Rg8 33. Nhg3 Rg6 34. Qe2 Qd7
35. Kf2 Rbg8 36. Bf3 e5 37. Nh5 e4 38. Nxf6 0-1

[Event "Aut_chT"]
[Site "Fürstenfeld"]
[Date "2003.03.16"]
[Round "11.5"]
[White "Petschar, Kurt"]
[Black "Rigo, Janos"]
[Result "1/2-1/2"]
[WhiteElo "2291"]
[BlackElo "2323"]
[PlyCount "27"]

1. e4 c5 2. c3 Nf6 3. e5 Nd5 4. Nf3 e6 5. d4 cxd4 6. cxd4 b5 7. Nbd2 Ba6 8. Ne4
b4 9. Bxa6 Nxa6 10. O-O Be7 11. Qd3 Nb8 12. Bg5 O-O 13. Bxe7 Qxe7 14. Rac1
1/2-1/2

[Event "Aut_chT"]
[Site "Fürstenfeld"]
[Date "2003.03.16"]
[Round "11.6"]
[White "Wells, Peter"]
[Black "Kindermann, Stefan"]
[Result "1/2-1/2"]
[WhiteElo "2486"]
[BlackElo "2516"]
[PlyCount "44"]

1. e4 e6 2. d4 d5 3. Nd2 c5 4. Ngf3 Nf6 5. exd5 exd5 6. Bb5+ Bd7 7. Bxd7+ Nbxd7
8. O-O Be7 9. dxc5 Nxc5 10. Nb3 Nce4 11. Nfd4 Qd7 12. f3 Nd6 13. Nc5 Qc8 14.
Nd3 O-O 15. Be3 Re8 16. Bf2 Bd8 17. a4 a6 18. Kh1 Bb6 19. a5 Ba7 20. b3 Qd7 21.
Nf4 Rac8 22. Qd2 h6 1/2-1/2

[Event "Aut_chT"]
[Site "Fürstenfeld"]
[Date "2003.03.16"]
[Round "11.6"]
[White "Freitag, Manfred"]
[Black "Rabiega, Robert"]
[Result "0-1"]
[WhiteElo "2389"]
[BlackElo "2503"]
[PlyCount "64"]

1. d4 d5 2. c4 e6 3. Nf3 c5 4. cxd5 exd5 5. Nc3 Nc6 6. g3 Nf6 7. Bg2 Be7 8. O-O
O-O 9. Bg5 c4 10. Ne5 Be6 11. Nxc6 bxc6 12. b3 Qa5 13. Na4 Rab8 14. Qc2 Rfc8
15. Rfd1 c5 16. Nxc5 Bxc5 17. dxc5 Qxc5 18. Bxf6 gxf6 19. bxc4 dxc4 20. Qc3 Qe5
21. Rd4 Qxe2 22. Re1 Qb2 23. Qe3 Rd8 24. Re4 Kg7 25. Rxe6 fxe6 26. Qxe6 Qb4 27.
Re4 Rb6 28. Qf5 Qb5 29. Re7+ Kf8 30. Qxh7 Qb1+ 31. Bf1 Qxh7 32. Rxh7 Rc6 0-1